Представление документа в формате RUSMARC

ПолеНазваниеЗначение
  Тип записи a
  Библиографический уровень m
001 Контрольный номер 059ea96febda464e9c4ed1eea29ac289
005 Дата корректировки 20240410121206.4
010 Индекс ISBN __
d Цена 1778-11
100 Данные общей обработки __
a Данные общей обработки 20220531d2021 c y0rusy028902 ca
101 Язык документа 0_
a Язык текста rus
102 Страна публикации __
a Страна публикации RU
105 Кодированные данные (монография) __
a Кодированные данные (монография) y z 000ay
181 Поле кодированных данных: вид содержания _0
a Код вида содержания (ISBD) i
182 Поле кодированных данных: тип средства _0
a Код типа средства (ISBD) n
200 Заглавие и сведения об ответственности 1_
a Заглавие Кн. 1
203 Вид содержания и тип средства __
a Вид содержания Текст
c Тип средства непосредственный
210 Выходные данные 1_
d Дата издания 2021
215 Физическое описание __
a Объем 136 с.
333 Примечание о целевом назначении __
a Примечание о целевом назначении 6+. Для детей старше шести лет
461 Уровень набора _0
1 700 1
a Абрамов
b С. А.
g Сергей Александрович
f 1944-
1 2001
a Выше Радуги
e [повесть : в 2 книгах]
f Сергей Абрамов
v Кн. 1
1 2101
a Москва
c Чинар
d 2021
1 001bbe340040e3a48df954dd5b6176facad
1 203
a Текст
c непосредственный
1 2252
a Круг чтения
e издание для слабовидящих
606 Тематические рубрики __
2 Код системы nlr_sh
a Основная рубрика Художественная литература
606 Тематические рубрики __
2 Код системы nlr_sh
a Основная рубрика Русская литература XX в. (произведения)
610 Ключевые слова 0_
a Ключевые слова повести
610 Ключевые слова 0_
a Ключевые слова фантастические повести
610 Ключевые слова 0_
a Ключевые слова повести для детей
610 Ключевые слова 0_
a Ключевые слова тема детей
610 Ключевые слова 0_
a Ключевые слова тема волшебного дара
610 Ключевые слова 0_
a Ключевые слова тема школы
610 Ключевые слова 0_
a Ключевые слова тема школьной жизни
610 Ключевые слова 0_
a Ключевые слова детская литература
610 Ключевые слова 0_
a Ключевые слова подростковая литература
610 Ключевые слова 0_
a Ключевые слова чтение для слабовидящих
610 Ключевые слова 0_
a Ключевые слова книги для незрячих
686 Индексы других классификаций __
2 Код системы rubbks
a Классификационный индекс ст84(2=411.2)6-4
801 Источник записи _0
a Страна RU
b Организация Муниципальное бюджетное учреждение культуры "Централизованная библиотечная система" г. Сургут (Центральная городская библиотека им. А. С. Пушкина)
c Дата составления 20220531
g Правила каталогизации PSBO
801 Источник записи _1
a Страна RU
b Организация Муниципальное бюджетное учреждение культуры "Централизованная библиотечная система" г. Сургут (Центральная городская библиотека им. А. С. Пушкина)
c Дата составления 20220531
g Правила каталогизации PSBO
852 Данные о местонахождении __
i Авторский знак А 16
j Шифр хранения ст84(2=411.2)6-4
900 Макрообъекты __
a Макрообъекты Выше радуги, 2021. Кн.1
901 Тип документа __
t Тип документа n
w Контрольный № источника bbe340040e3a48df954dd5b6176facad
a Ответственный ООФиК/Волкова
903 Характеристики (МАРС) __
c Наименование библиотеки (МАРС) Муниципальное бюджетное учреждение культуры "Централизованная библиотечная система" г. Сургут (Центральная городская библиотека им. А. С. Пушкина)
a Дата передачи 20220531
969 Тип издания __
a Тип издания спецформат
a Тип издания крупношрифтовое издание
a Тип издания издание для слепых
a Тип издания издание для детей
990 Данные о заказе (DOS) __
j Количество экземпляров (DOS) 1
t N записи в КСУ для И/У (DOS) 202206